[Event "Napoli Spring Cup 1st"]
[Site "Napoli"]
[Date "2017.03.09"]
[Round "1"]
[White "Di Gennaro, Antonio"]
[Black "Seletsky, Grigory"]
[Result "0-1"]
[WhiteElo "1676"]
[BlackElo "2284"]
[PlyCount "84"]
[EventDate "2017.03.09"]
[EventType "swiss"]
[EventRounds "6"]
[EventCountry "ITA"]
[SourceTitle "EXT 2018"]
[Source "ChessBase"]
[SourceDate "2017.10.13"]
[SourceVersion "1"]
[SourceVersionDate "2017.10.13"]
[SourceQuality "1"]

1. e4 c5 2. Nf3 d6 3. d4 cxd4 4. Nxd4 Nf6 5. Nc3 a6 6. Be3 e5 7. Nb3 Be7 8. f3 Be6 9. Qd2 Nbd7 10. 0-0-0 Qc7 11. g4 0-0 12. Kb1 b5 13. g5 Nh5 14. Nd5 Bxd5 15. exd5 Bd8 16. Rg1 Qb7 17. Bh3 g6 18. Bg4 Ng7 19. h4 a5 20. Rh1 f5 21. gxf6 Nxf6 22. Bh6 Nxg4 23. fxg4 a4 24. Nc1 Bb6 25. h5 gxh5 26. gxh5 Rf7 27. Bxg7 Rxg7 28. h6 Rf7 29. Rh2 Kh8 30. Rg2 Qe7 31. Qg5 Qxg5 32. Rxg5 Be3 33. Rh5 Rf6 34. Rdh1 Rg8 35. R1h3 Bd2 36. Rh2 Rf1 37. Rh1 Rgg1 38. Rxg1 Rxg1 39. a3 Rxc1+ 40. Ka2 Bf4 41. Rf5 Kg8 42. Rf6 Rxc2 0-1

[Event "Napoli Primavera al Vomero op"]
[Site "Napoli"]
[Date "2016.05.05"]
[Round "1"]
[White "Cosenza, Gianni"]
[Black "Di Gennaro, Antonio"]
[Result "1-0"]
[WhiteElo "1952"]
[BlackElo "1697"]
[PlyCount "127"]
[EventDate "2016.05.05"]
[EventType "swiss"]
[EventRounds "6"]
[EventCountry "ITA"]
[SourceTitle "EXT 2018"]
[Source "ChessBase"]
[SourceDate "2017.10.13"]
[SourceVersion "1"]
[SourceVersionDate "2017.10.13"]
[SourceQuality "1"]

1. e4 c5 2. Nf3 d6 3. d4 cxd4 4. Nxd4 Nf6 5. Nc3 a6 6. f3 e5 7. Nde2 Be6 8. Be3 Nbd7 9. Qd2 b5 10. a3 Nb6 11. Ng3 Rc8 12. Be2 Nc4 13. Bxc4 Rxc4 14. 0-0 Be7 15. Kh1 Qc7 16. Rfd1 0-0 17. Rac1 Qc8 18. Bg5 Rd8 19. Qe2 h6 20. Be3 Qd7 21. Bb6 Rb8 22. Ba5 h5 23. Nf1 h4 24. Ne3 Rcc8 25. Ncd5 Bxd5 26. Nxd5 Nxd5 27. Rxd5 Rc5 28. Rd3 Rbc8 29. Bb4 R5c6 30. h3 Qc7 31. Bc3 a5 32. Qd2 f6 33. Rd5 Qb6 34. Bxa5 Rxc2 35. Bxb6 Rxc1+ 36. Qxc1 Rxc1+ 37. Kh2 Rc8 38. Rxb5 f5 39. Be3 fxe4 40. fxe4 Kf8 41. Kg1 Ke8 42. Kf2 Kd7 43. Rb7+ Ke8 44. a4 Rc4 45. b3 Rxe4 46. Kf3 d5 47. Rb5 Rb4 48. Rxd5 Rxb3 49. Rxe5 Kf7 50. a5 Ra3 51. Kg4 Ra4+ 52. Kf3 Ra3 53. Ke4 Ra4+ 54. Kf3 Kf6 55. Rb5 Ke6 56. Rb6+ Kf7 57. a6 Ra3 58. Ke4 Ra4+ 59. Kd5 Ke8 60. Kc6 Bd8 61. Kb7 Bxb6 62. Bxb6 Ra2 63. a7 Rb2 64. a8Q+ 1-0

[Event "Napoli Province-ch"]
[Site "Napoli"]
[Date "2016.03.03"]
[Round "2"]
[White "Freda, Guido"]
[Black "Di Gennaro, Antonio"]
[Result "0-1"]
[WhiteElo "1551"]
[BlackElo "1653"]
[PlyCount "58"]
[EventDate "2016.02.25"]
[EventType "swiss"]
[EventRounds "7"]
[EventCountry "ITA"]
[SourceTitle "EXT 2018"]
[Source "ChessBase"]
[SourceDate "2017.10.13"]
[SourceVersion "1"]
[SourceVersionDate "2017.10.13"]
[SourceQuality "1"]

1. e4 c5 2. Nf3 d6 3. d4 cxd4 4. Nxd4 Nf6 5. Nc3 a6 6. Bc4 e6 7. Qe2 Be7 8. 0-0 0-0 9. a4 Nxe4 10. Nxe4 d5 11. Bd3 dxe4 12. Qxe4 g6 13. Bh6 Re8 14. Rad1 Bf6 15. Bc4 Qb6 16. b3 Bd7 17. Be3 Qc7 18. Nf3 Bc6 19. Qg4 Nd7 20. h4 Bxf3 21. gxf3 Rad8 22. h5 Kh8 23. hxg6 Rg8 24. Qh5 Rxg6+ 25. Kh1 Ne5 26. Rxd8+ Qxd8 27. f4 Nxc4 28. bxc4 Qg8 29. f5 Rg4 0-1

[Event "Napoli Parthenope op 6th"]
[Site "Napoli"]
[Date "2014.06.12"]
[Round "4"]
[White "Franzese, Luigi"]
[Black "Di Gennaro, Antonio"]
[Result "1-0"]
[WhiteElo "1864"]
[BlackElo "1674"]
[PlyCount "67"]
[EventDate "2014.06.01"]
[EventType "swiss"]
[EventRounds "7"]
[EventCountry "ITA"]
[SourceTitle "EXT 2018"]
[Source "ChessBase"]
[SourceDate "2017.10.13"]
[SourceVersion "1"]
[SourceVersionDate "2017.10.13"]
[SourceQuality "1"]

1. e4 c5 2. Nc3 Nc6 3. Nf3 e5 4. Bb5 d6 5. 0-0 a6 6. Bxc6+ bxc6 7. h3 g6 8. d3 Bg7 9. Qe2 Ne7 10. Bg5 0-0 11. Qd2 Qc7 12. Bh6 f5 13. Bxg7 Kxg7 14. a4 f4 15. a5 h6 16. Na4 Be6 17. Nb6 Rab8 18. Nh2 Nc8 19. Nxc8 Qxc8 20. Qc3 f3 21. Nxf3 Bxh3 22. Nxe5 dxe5 23. Qxe5+ Kg8 24. gxh3 Qxh3 25. b3 Rbe8 26. Qg3 Qh5 27. f4 Kh7 28. Rf2 c4 29. bxc4 Qc5 30. Kg2 Rg8 31. Qh3 g5 32. f5 g4 33. Qh4 Rg5 34. Rh1 1-0

[Event "Napoli Antica Scuola 2nd"]
[Site "Napoli"]
[Date "2014.03.20"]
[Round "3"]
[White "Di Gennaro, Antonio"]
[Black "Cerrato, Roberto"]
[Result "0-1"]
[WhiteElo "1674"]
[BlackElo "1777"]
[PlyCount "74"]
[EventDate "2014.03.06"]
[EventType "swiss"]
[EventRounds "7"]
[EventCountry "ITA"]
[SourceTitle "EXT 2015"]
[Source "ChessBase"]
[SourceDate "2014.11.20"]
[SourceVersion "1"]
[SourceVersionDate "2014.11.20"]
[SourceQuality "1"]

1. e4 e6 2. d4 d5 3. Nc3 Bb4 4. e5 c5 5. a3 Bxc3+ 6. bxc3 Qa5 7. Bd2 Qa4 8. Qb1 c4 9. Nh3 Ne7 10. Nf4 Nbc6 11. g3 0-0 12. Bh3 Rb8 13. 0-0 Bd7 14. Nh5 Be8 15. Qd1 f5 16. exf6 Bxh5 17. Qxh5 Rxf6 18. Bf4 Rbf8 19. Qe2 Nf5 20. Be5 Nxe5 21. dxe5 R6f7 22. Rfb1 Qa5 23. Rb4 Kh8 24. a4 Qc5 25. Rb5 Qc6 26. Bg2 b6 27. Rab1 Qc7 28. f4 Qd8 29. a5 bxa5 30. Ra1 g5 31. Rbxa5 gxf4 32. Rxa7 fxg3 33. hxg3 Nxg3 34. Qg4 Qb6+ 35. Kh2 Rxa7 36. Rxa7 Qxa7 37. Qxg3 Qf2 0-1

[Event "Napoli Province-ch"]
[Site "Napoli"]
[Date "2014.01.30"]
[Round "7"]
[White "Di Gennaro, Antonio"]
[Black "Melchior, Alex"]
[Result "0-1"]
[WhiteElo "1661"]
[BlackElo "1910"]
[PlyCount "52"]
[EventDate "2013.12.05"]
[EventType "swiss"]
[EventRounds "7"]
[EventCountry "ITA"]
[SourceTitle "EXT 2015"]
[Source "ChessBase"]
[SourceDate "2014.11.20"]
[SourceVersion "1"]
[SourceVersionDate "2014.11.20"]
[SourceQuality "1"]

1. e4 c5 2. Nf3 d6 3. d4 cxd4 4. Nxd4 Nf6 5. Nc3 a6 6. Be3 e5 7. Nb3 Be6 8. f3 Be7 9. Qd2 b5 10. 0-0-0 Nbd7 11. g4 Nb6 12. Qf2 Nfd7 13. Kb1 Rc8 14. Nd5 Bxd5 15. exd5 Bg5 16. f4 exf4 17. Bxf4 Bxf4 18. Qxf4 Ne5 19. Bg2 0-0 20. Be4 Qh4 21. h3 Nbc4 22. Rdg1 Rfe8 23. Nd4 g6 24. b3 Na3+ 25. Kb2 Qd8 26. Qd2 Nec4+ 0-1

[Event "Napoli Province-ch"]
[Site "Napoli"]
[Date "2012.11.29"]
[Round "2"]
[White "Baccelliere, Antonio"]
[Black "Di Gennaro, Antonio"]
[Result "0-1"]
[WhiteElo "1434"]
[BlackElo "1666"]
[PlyCount "40"]
[EventDate "2012.11.22"]
[EventType "swiss"]
[EventRounds "7"]
[EventCountry "ITA"]
[SourceTitle "EXT 2014"]
[Source "ChessBase"]
[SourceDate "2013.11.20"]
[SourceVersion "1"]
[SourceVersionDate "2013.11.20"]
[SourceQuality "1"]

1. e4 c5 2. Nf3 d6 3. d4 cxd4 4. Nxd4 Nf6 5. Nc3 a6 6. Bc4 e6 7. Bg5 Be7 8. a3 0-0 9. 0-0 Nxe4 10. Bxe7 Nxc3 11. Bxd8 Nxd1 12. Raxd1 Rxd8 13. Rd3 Bd7 14. Rfd1 d5 15. Bb3 Nc6 16. Nf3 Rac8 17. Ba2 Na5 18. b4 Nc4 19. Nd2 Nb2 20. Nf3 Nxd1 0-1

[Event "Napoli Parthenope op 4th"]
[Site "Napoli"]
[Date "2012.04.26"]
[Round "6"]
[White "Di Gennaro, Antonio"]
[Black "Vena, Antonio"]
[Result "0-1"]
[WhiteElo "1672"]
[BlackElo "1778"]
[PlyCount "76"]
[EventDate "2012.03.22"]
[EventType "swiss"]
[EventRounds "7"]
[EventCountry "ITA"]
[SourceTitle "EXT 2018"]
[Source "ChessBase"]
[SourceDate "2017.10.13"]
[SourceVersion "1"]
[SourceVersionDate "2017.10.13"]
[SourceQuality "1"]

1. e4 d6 2. d4 Nf6 3. Nc3 e5 4. Nf3 Be7 5. h3 Nbd7 6. Bc4 0-0 7. 0-0 c6 8. a4 Qc7 9. Re1 b6 10. d5 Bb7 11. dxc6 Bxc6 12. Bb3 Nc5 13. Nd5 Nxd5 14. Bxd5 Qb7 15. c4 Bxd5 16. cxd5 a5 17. b3 Rac8 18. Ba3 Nd7 19. Rc1 Rxc1 20. Qxc1 Rc8 21. Qb2 g6 22. Nd2 b5 23. axb5 Qxb5 24. Nc4 Nc5 25. Bxc5 Rxc5 26. Qa3 a4 27. Nd2 Qd3 28. Nf3 axb3 29. Re3 Qb1+ 30. Kh2 b2 31. Rb3 Qxe4 32. Rxb2 Qxd5 33. Qa7 Bf6 34. Rb8+ Kg7 35. Qd7 e4 36. Qe8 Be5+ 37. Nxe5 Qxe5+ 38. Qxe5+ Rxe5 0-1

[Event "Napoli Parthenope op 4th"]
[Site "Napoli"]
[Date "2012.03.22"]
[Round "1"]
[White "Esposito, Rosario"]
[Black "Di Gennaro, Antonio"]
[Result "1-0"]
[WhiteElo "1854"]
[BlackElo "1672"]
[PlyCount "54"]
[EventDate "2012.03.22"]
[EventType "swiss"]
[EventRounds "7"]
[EventCountry "ITA"]
[SourceTitle "EXT 2018"]
[Source "ChessBase"]
[SourceDate "2017.10.13"]
[SourceVersion "1"]
[SourceVersionDate "2017.10.13"]
[SourceQuality "1"]

1. d4 d5 2. c4 e6 3. Nc3 c6 4. cxd5 exd5 5. Nf3 Nf6 6. Bg5 Be7 7. e3 Bf5 8. Be2 Nbd7 9. 0-0 h6 10. Bxf6 Nxf6 11. a3 a5 12. Ne5 0-0 13. Rc1 Bd6 14. Na4 Re8 15. Nc5 Qc7 16. f4 Nd7 17. g4 Bxc5 18. gxf5 Bf8 19. Bh5 Nxe5 20. fxe5 Qd8 21. Qg4 Qg5 22. Qxg5 hxg5 23. e6 fxe6 24. Bxe8 Rxe8 25. f6 gxf6 26. Rxf6 Kg7 27. Rcf1 Be7 1-0

[Event "Napoli Porreca Cup 1st"]
[Site "Napoli"]
[Date "2011.10.20"]
[Round "5"]
[White "De Rosa, Mariagrazia"]
[Black "Di Gennaro, Antonio"]
[Result "1-0"]
[WhiteElo "2131"]
[BlackElo "1674"]
[PlyCount "57"]
[EventDate "2011.09.22"]
[EventType "swiss"]
[EventRounds "7"]
[EventCountry "ITA"]
[SourceTitle "EXT 2018"]
[Source "ChessBase"]
[SourceDate "2017.10.13"]
[SourceVersion "1"]
[SourceVersionDate "2017.10.13"]
[SourceQuality "1"]

1. e4 c5 2. Nf3 d6 3. d4 cxd4 4. Nxd4 Nf6 5. f3 e5 6. Bb5+ Nbd7 7. Nf5 a6 8. Ba4 b5 9. Bb3 Nc5 10. Ne3 Nxb3 11. axb3 Bb7 12. Nc3 Be7 13. Nf5 0-0 14. Bg5 h6 15. Bxf6 Bxf6 16. Qxd6 Bc8 17. Qxd8 Rxd8 18. Ne3 Bb7 19. h4 Rd6 20. Ke2 Rad8 21. Ncd5 g6 22. g4 Bg7 23. Rhd1 Kf8 24. Rd3 f5 25. gxf5 Bxd5 26. Rxd5 Rxd5 27. Nxd5 gxf5 28. Rxa6 fxe4 29. fxe4 1-0